000 01617nam a2200325 c 4500
003 BLK
005 20250704174628.0
008 180411b bul|||||r ||||||| ||bul||
020 _a9786197741094
040 _aBLK
041 _aBUL
_cBUL
080 _aВлияние на възрастта върху различни физиологични процеси - Пубертет (полово съзряване), менструация, менопауза, плодовитост, безплодие, лактация, млечни жлези, климактериум и др.
_b612.66
_z612.66
080 _aПсихология на юношите
_b159.922.8
_z159.922.8
100 1 _aНовак, Николета
_eпърви автор
_9344802
139 _aНовак, Николета
_bН 85
245 1 0 _aКогато те тресне пубертетът
_bСамо за момичета
_cНиколета Новак; прев. Марина Огнянова; ил. Тихомир Челанович
257 _aBGR
260 _bХартиен свят
_c2023
_9491338
_aСофия
300 _a112 с.
_bс цв. ил.
_c21 см
380 _aDN
650 0 _9265611
_aПубертет - физиология и психология
650 0 _9263355
_aЮноши - развитие и психология
700 _aЧеланович, Тихомир
_eил.
_9491340
700 1 _aОгнянова, Марина
_9104441
856 4 _qpdf
856 4 _qpdf
942 _cKNG
_n0
_012
944 _cНора Радева
_k30537
_lГрета Цуфелде
_a30545
999 _c505324
_d505324
999 _d505322